000 00915nam a2200277 i 4500
001 bg
100 1 _aJANICZEK, Roman
245 1 0 _aLimiteracja w równaniach algebraicznych :
_balgorytmiczna procedura o teoretycznych i technicznych zastosowaniach /
_cRoman Janiczek, Jerzy Rudenko.
260 _aCzęstochowa :
_bWydaw. PC,
_c2001.
300 _a186 s. :
_bil. ;
_c24 cm.
490 1 _aMonografie / Politechnika Częstochowska,
_x0860-5017 ;
_vnr 81
500 _aStreszcz. ang., ros.
504 _aBibliogr. - Indeks.
650 9 _aFunkcje
650 9 _aRównania algebraiczne
650 9 _aRównania różniczkowe
700 1 _aRUDENKO, Jerzy
830 0 _aMonografie (Politechnika Częstochowska) ;
_vnr 81
020 _a8371931387
040 _cBPK
041 0 _apl
_benru
080 _a512.6:517.9+517.4
920 _a83-7193-138-7
942 _cKS
008 s pl f |000 0 pol
999 _c40669
_d40669
856 _uhttp://koha.tu.koszalin.pl/cgi-bin/koha/opac-detail.pl?biblionumber=40669
_yKatalog online BPK